00662nam a2200229 a 4500001001300000003000900013005001700022008004100039020001000080082001800090100001900108245005300127260003300180300000900213500003500222650002900257700001900286902000800305942000700313952009700320999001500417nice12345678IN_TiNIC20260116011552.0050524s1942 bada grp 000 0 eng  ac10000a912.1955bINA aInayatullah, S aGeographical Factors in Arabian Life and History aBadaun bNo Publisher c1942 a158p aincludes index and biblioraphy aArab Countries-Geography1 aInayatullah, S bSRS cBK 00104070aHMIbHMId2007-06-20g100.00l0o912.1955 INAp954r2007-06-20w2026-01-16yARB c2659d2659